000 00580nam a2200217Ia 4500
008 180620s9999 xx 000 0 und d
020 _a0-07-141406-1
050 _aREF HD 57.7
050 _b.C69 2003
100 _aCox, Danny.
245 0 _aLeadership when the heat's on :
245 0 _b24 lessons in high performance management /
245 0 _cDanny Cox with John Hoover.
260 _aNew York :
260 _bMcGraw-Hill,
260 _c2003
300 _a48 pages :
300 _c23 cm.
440 _aMcGraw-Hill professional education
650 _aLeadership.
999 _c358006
_d358006